000 00365nam a2200145Ia 4500
008 200103s9999||||xx |||||||||||||| ||und||
020 _a0115120955,
040 _aIMU-MPC
082 _aColumn-6
100 _aHMSO London
245 0 _aExaminations for certificates of competency in the merchant navy
260 _bHMSO London
_c1982
300 _a114
942 _cBK
999 _c3596
_d3596